Engineering economics/ (Record no. 542611)
[ view plain ]
| 000 -LEADER | |
|---|---|
| fixed length control field | 00550nam a22001577a 4500 |
| 082 ## - DEWEY DECIMAL CLASSIFICATION NUMBER | |
| Classification number | 330.02462 |
| Author Mark | BUR |
| -- | D |
| 100 ## - MAIN ENTRY--PERSONAL NAME | |
| Personal name | Burnham T.H |
| 9 (RLIN) | 36247 |
| 245 ## - TITLE STATEMENT | |
| Title | Engineering economics/ |
| Remainder of title | Works organization and management. |
| Statement of responsibility, etc. | T.H. Burnham, G. O. Hoskins |
| 250 ## - EDITION STATEMENT | |
| Edition statement | 5th ed. |
| 260 ## - PUBLICATION, DISTRIBUTION, ETC. | |
| Place of publication, distribution, etc. | London: |
| Name of publisher, distributor, etc. | Sir Issac Pitman & Sons, |
| Date of publication, distribution, etc. | c1945. |
| 300 ## - PHYSICAL DESCRIPTION | |
| Extent | vi, 322 p. : |
| Other physical details | ill. ; |
| Dimensions | 24cm. |
| 526 ## - STUDY PROGRAM INFORMATION NOTE | |
| Program name | 0 |
| Interest level | 0 |
| Reading level | 0 |
| Title point value | 330_024620000000000_BUR |
| 526 ## - STUDY PROGRAM INFORMATION NOTE | |
| Program name | 0 |
| Interest level | 0 |
| Reading level | 0 |
| Title point value | 330_024620000000000_BUR |
| 650 ## - SUBJECT ADDED ENTRY--TOPICAL TERM | |
| Topical term or geographic name entry element | Elements of industrial organization |
| General subdivision | Management |
| 9 (RLIN) | 37851 |
| 942 ## - ADDED ENTRY ELEMENTS (KOHA) | |
| Source of classification or shelving scheme | |
| Koha item type | Book |
| Withdrawn status | Lost status | Source of classification or shelving scheme | Damaged status | Not for loan | Permanent Location | Current Location | Date acquired | Total Checkouts | Full call number | Barcode | Date last seen | Price effective from | Koha item type |
|---|---|---|---|---|---|---|---|---|---|---|---|---|---|
| Military College of Engineering (MCE) | Military College of Engineering (MCE) | 02/04/2014 | 330.02462 BUR | MCE-40553 | 02/04/2014 | 02/04/2014 | Book | ||||||
| Military College of Engineering (MCE) | Military College of Engineering (MCE) | 02/06/2014 | 330.02462 BUR | MCE-40915 | 02/06/2014 | 02/06/2014 | Book |
